000 00702nam a2200193 4500
001 139998
003 ES-MaACL
007 t|
008 070214s1931 sp r ||||1| spa d
100 1 _aSchmieden, Victor.
_9194488
245 1 0 _aCurso de operatoria quirúrgica para médicos y estudiantes /
_cpor el prof. Dr. Victor Schmieden y el prof. Dr. A. W. Fischer ; traducción de la 12ª edición alemana por el Dr. Alfonso Dehesa Bailo.
250 _a3ª ed. española.
260 _aMadrid :
_bLabor,
_c1931.
300 _aXVI, 574 p. :
_bil. ;
_c25 x 17 cm.
700 1 _aFischer, A. W.
_950978
700 0 _aDehesa Bailo, Alfonso
_943249
852 _aES-MaACL
_jE-1717
999 _c139998
_d139998